|
|
|
|
| LEADER |
00000nam0a2200000 4500 |
| 001 |
245869 |
| 005 |
20231101232148.0 |
| 035 |
|
|
|a (RuTPU)RU\TPU\book\267305
|
| 090 |
|
|
|a 245869
|
| 100 |
|
|
|a 20131119d1974 m y0rusy50 ca
|
| 101 |
0 |
|
|a rus
|
| 102 |
|
|
|a RU
|
| 105 |
|
|
|a y e 000zy
|
| 200 |
1 |
|
|a Обратный словарь русского языка
|e около 125 000 слов
|f Академия наук СССР (АН СССР), Вычислительный центр ; под ред. М. В. Лазовой
|
| 210 |
|
|
|a Москва
|c Советская энциклопедия
|d 1974
|
| 215 |
|
|
|a 944 с.
|
| 606 |
1 |
|
|a Русский язык
|x Словари
|2 stltpush
|3 (RuTPU)RU\TPU\subj\67926
|9 83518
|
| 610 |
1 |
|
|a лексика
|
| 686 |
|
|
|a Ш141.3-4
|v LBC/SL-A
|2 rubbk
|
| 702 |
|
1 |
|a Лазова
|b М. В.
|4 340
|
| 712 |
0 |
2 |
|a Академия наук СССР (АН СССР)
|b Вычислительный центр
|2 stltpush
|3 (RuTPU)RU\TPU\col\11481
|
| 801 |
|
1 |
|a RU
|b 63413507
|c 20131119
|
| 801 |
|
2 |
|a RU
|b 63413507
|c 20131121
|g RCR
|
| 942 |
|
|
|c BK
|